Les 23 joueuses de la France à l'Euro Féminin 2022 - Statistiques

Statistiques générales
  • Ce quiz a été pris 60 fois
  • Le résultat moyen est 14 sur 23
Statistiques - réponses
Poste Joueuse % Correct
D Wendie Renard
100%
A Marie-Antoinette Katoto
85%
A Delphine Cascarino
83%
D Griedge Mbock
78%
A Kadidiatou Diani
78%
D Sakina Karchaoui
78%
G Pauline Peyraud-Magnin
76%
M Grace Geyoro
73%
D Marion Torrent
73%
D Eve Perisset
71%
M Charlotte Bilbault
68%
D Selma Bacha
68%
A Melvine Malard
66%
A Clara Matéo
59%
M Sandie Toletti
59%
A Ouleymata Sarr
56%
D Aïssatou Tounkara
46%
M Kenza Dali
46%
M Sandie Baltimore
34%
D Hawa Cissoko
29%
M Ella Palis
27%
G Mylène Chavas
27%
G Justine Lerond
22%
Aucun quiz correspondant
Distribution des résultats
% des personnes avec chaque résultat
Percentile par nombre de réponses
Votre historique - résultats
Vous n’avez pas pris ce quiz